| 000 | 00370nam a22001577a 4500 | ||
|---|---|---|---|
| 003 | MPLRDC | ||
| 005 | 20220104163518.0 | ||
| 008 | 210129b ||||| |||| 00| 0 eng d | ||
| 082 | _a388.8 LOR | ||
| 100 | _aLORUS AND MARGERY MILNE | ||
| 245 |
_aNORTH AMERICAN BIRDS _c |
||
| 260 |
_a _bPRENTICE-HALL, INC. _c |
||
| 300 | _b精 | ||
| 650 | _a | ||
| 942 |
_cBK _o388.8 LOR |
||
| 999 |
_c56500 _d56490 |
||